| 000 | 00516nam a22001937a 4500 | ||
|---|---|---|---|
| 003 | MPLRDC | ||
| 005 | 20220105061148.0 | ||
| 008 | 210129b ||||| |||| 00| 0 eng d | ||
| 020 | _a957-8299-02-8 | ||
| 082 | _a427.16 ZCYM | ||
| 100 | _a中城裕美 WAGASHI NYUUMON 原著 | ||
| 245 |
_a东洋点心DIY _c |
||
| 250 | _a初版三刷 | ||
| 260 |
_a台湾 _b畅文出版社 _c1999 |
||
| 300 | _b平 | ||
| 520 | _a新书上架 2018-08-01。 | ||
| 650 | _a点心制法;糕饼制法 | ||
| 942 |
_cBK _o427.16 ZCYM |
||
| 999 |
_c69741 _d69731 |
||